[Event "UGA-ch op"]
[Site "Kampala"]
[Date "2022.02.17"]
[Round "2"]
[White "Muwanga, Moses"]
[Black "Mugisha, Ivan Jalagatha"]
[Result "0-1"]
[WhiteElo "1354"]
[BlackElo "1818"]
[PlyCount "34"]
[EventDate "2022.02.17"]
[EventType "swiss"]
[EventRounds "8"]
[EventCountry "UGA"]
[SourceTitle "EXT 2023"]
[Source "ChessBase"]
[SourceDate "2022.10.05"]
[SourceVersion "1"]
[SourceVersionDate "2022.10.05"]
[SourceQuality "1"]

1. e4 c5 2. Nf3 Nc6 3. a3 Qb6 4. Bc4 e6 5. 0-0 Nge7 6. d3 d5 7. Ba2 Bd7 8. exd5 exd5 9. Bf4 0-0-0 10. b3 Bg4 11. Nc3 Nd4 12. Na4 Qf6 13. c3 Nxf3+ 14. gxf3 Bh3 15. Bg3 Nf5 16. Re1 h5 17. Qe2 h4 0-1

[Event "UGA-ch op"]
[Site "Kampala"]
[Date "2022.02.17"]
[Round "1"]
[White "Ndawula, Jonathan"]
[Black "Muwanga, Moses"]
[Result "0-1"]
[WhiteElo "1159"]
[BlackElo "1354"]
[PlyCount "29"]
[EventDate "2022.02.17"]
[EventType "swiss"]
[EventRounds "8"]
[EventCountry "UGA"]
[SourceTitle "EXT 2023"]
[Source "ChessBase"]
[SourceDate "2022.10.05"]
[SourceVersion "1"]
[SourceVersionDate "2022.10.05"]
[SourceQuality "1"]

1. e4 e5 2. Nf3 Nc6 3. Bc4 Nf6 4. d3 Bc5 5. Bg5 h6 6. Bh4 d6 7. Nbd2 Bg4 8. c3 Ne7 9. Qb3 d5 10. Qb5+ Nd7 11. exd5 0-0 12. Nxe5 a6 13. Nxf7 axb5 14. Nxd8 Raxd8 15. Bb3 0-1